[Event "G7-2"]
[Site "Svendborg"]
[Date "2019.04.16"]
[Round "1"]
[White "Holmstrom, Johan Ravnborg"]
[Black "Rasmussen, Johnny Koust"]
[Result "1/2-1/2"]
[WhiteElo "1913"]
[BlackElo "1821"]
[EventDate "2019.04.16"]
[EventRounds "7"]
[EventCountry "DEN"]
[WhiteFideId "1404903"]
[BlackFideId "1422383"]

1. d4 Nf6 2. c4 e6 3. g3 Bb4+ 4. Bd2 a5 5. Nf3 O-O 6. Nc3 d5 7. cxd5 exd5 8. Bg2 Bf5 9. O-O Ne4 10. Nh4 Nxd2 11. Qxd2 Be4 12. f3 Bg6 13. Nxg6 hxg6 14. a3 Be7 15. Rfe1 Bf6 16. e3 c6 17. b4 b5 18. bxa5  1/2-1/2

[Event "G7-2"]
[Site "Svendborg"]
[Date "2019.04.16"]
[Round "1"]
[White "Hollesen, Kurt"]
[Black "Rasmussen, Henning"]
[Result "1/2-1/2"]
[WhiteElo "1913"]
[BlackElo "1716"]
[EventDate "2019.04.16"]
[EventRounds "7"]
[EventCountry "DEN"]
[WhiteFideId "1406817"]
[BlackFideId "1410962"]

1. c4 e5 2. Nc3 Nf6 3. e4 c5 4. g3 Nc6 5. Bg2 d6 6. Nge2 Be7 7. O-O O-O 8. h3 Nd4 9. f4 Nxe2+ 10. Nxe2 Bd7 11. d3 b5 12. b3 Ne8 13. g4 f6 14. Ng3 Nc7 15. f5 a5 16. Be3 a4 17. Qd2 axb3 18. axb3 b4 19. h4 Be8 20. g5 Bf7 21. Bf3 Rxa1 22. Rxa1 Qd7 23. Kg2 Ra8 24. Rh1 Ne8 25. h5 fxg5 26. Bxg5 Bxg5 27. Qxg5 h6 28. Qd2 Ra3 29. Rb1 Nf6 30. Rb2 Qe8 31. Qe2 Ra7 32. Bg4 Qa8 33. Bf3 Qe8 34. Bg4 Qa8 35. Bf3 Qe8  1/2-1/2

[Event "G7-2"]
[Site "Svendborg"]
[Date "2019.04.16"]
[Round "1"]
[White "Jorgensen, Alexander Torp"]
[Black "Jepsen, Ruben"]
[Result "1-0"]
[WhiteElo "1825"]
[BlackElo "1650"]
[EventDate "2019.04.16"]
[EventRounds "7"]
[EventCountry "DEN"]
[WhiteFideId "1434187"]
[BlackFideId "1464361"]

1. c4 f5 2. Nc3 Nf6 3. Nf3 e6 4. e3 Be7 5. b3 O-O 6. Bb2 d6 7. d4 Ne4 8. Bd3 Nxc3 9. Bxc3 a5 10. a3 Bf6 11. b4 axb4 12. axb4 Rxa1 13. Qxa1 Qe8 14. O-O Qh5 15. c5 Nc6 16. b5 Ne7 17. cxd6 cxd6 18. Bb4 d5 19. Rc1 b6 20. Qa7 Qe8 21. Qxb6 Rf7 22. Nd2 Ng6 23. Qb8 Bd7 24. Qxe8+ Bxe8 25. Rc8 Rb7 26. Rxe8+ Kf7 27. Rc8 e5 28. Bc5 Be7 29. b6 exd4 30. exd4 Bxc5 31. dxc5 Ne7 32. Rc7 Rxc7 33. bxc7 Ke6 34. Ba6 Kd7 35. c8=Q+ Nxc8 36. Bxc8+ Kxc8 37. Kf1 Kb7 38. Ke2 Kc6 39. Nb3 g6 40. Kd3 Kd7 41. Kd4 Ke6 42. f4 h6 43. h4 Kd7 44. Kxd5 Kc7 45. Nd4 Kd7 46. c6+ Kc7 47. Ne6+ Kc8 48. Kd6 Kb8 49. Kd7  1-0

[Event "G7-2"]
[Site "Svendborg"]
[Date "2019.04.16"]
[Round "1"]
[White "Graabaek, Sebastian"]
[Black "Jacobsen, Knud"]
[Result "1-0"]
[WhiteElo "1702"]
[BlackElo "1721"]
[EventDate "2019.04.16"]
[EventRounds "7"]
[EventCountry "DEN"]
[WhiteFideId "1436627"]
[BlackFideId "1462253"]

1. d4 d5 2. Bf4 Nf6 3. e3 c6 4. c3 Bf5 5. Nd2 e6 6. Ngf3 h6 7. Ne5 Be7 8. Be2 O-O 9. g4 Bh7 10. g5 hxg5 11. Bxg5 Ne4 12. Bf4 c5 13. Bd3 cxd4 14. exd4 Nd7 15. Rg1 Bh4 16. Nxe4 dxe4 17. Qg4 g5 18. Qxh4  1-0

[Event "G7-2"]
[Site "Svendborg"]
[Date "2019.04.16"]
[Round "1"]
[White "Winther, Bjarke Rosenborg"]
[Black "Nykjaer, Jess"]
[Result "1/2-1/2"]
[WhiteElo "1757"]
[BlackElo "1959"]
[EventDate "2019.04.16"]
[EventRounds "7"]
[EventCountry "DEN"]
[WhiteFideId "1447173"]
[BlackFideId "1427288"]

1. d4 d5 2. Bf4 Nf6 3. e3 e6 4. Nf3 Bd6 5. Bg3 O-O 6. Nbd2 c5 7. c3 b6 8. Bd3 Bb7 9. Ne5 Qc7 10. f4 Nbd7 11. Ndf3 Ne4 12. Nxd7 Qxd7 13. Ne5 Qc7 14. Bh4 f6 15. Nf3 c4 16. Bc2 b5 17. Nd2 b4 18. Nxe4 dxe4 19. O-O f5 20. cxb4 Bxb4 21. Rc1 Bd5 22. Be1 Qa5 23. Bxb4 Qxb4 24. b3 Rac8 25. bxc4 Rxc4 26. Bb1 Rfc8 27. Rxc4 Rxc4 28. Re1 Qc3 29. Kf2 Rb4 30. Re2 Bc4 31. Rc2 Rb2 32. Qc1 Rxc2+ 33. Qxc2 Qxc2+ 34. Bxc2 Bxa2 35. Ba4 Kf7 36. Ke2 Ke7 37. Kd2 Kd6 38. Kc3 Kc7 39. Kb4 Kb6 40. Be8 Bd5 41. Bd7 a6 42. Be8 Bc6 43. Bf7 a5+ 44. Kc3 Bd7 45. Bh5 h6 46. Be2 Bc6 47. Bc4 Bd5 48. Be2 Bc6 49. Bc4 Bd7 50. Be2 Kc6 51. Bc4 Kb6 52. Be2 g5 53. g3 gxf4 54. gxf4 Bb5 55. Bd1 Bd7 56. Be2 Bb5 57. Bd1 Kc6 58. h4 Kd6 59. Bh5 Kd5 60. Bd1 Bc4 61. Ba4 Ba2 62. Bb5 Kd6 63. Kb2 Bd5 64. Kc3 Kc7 65. Ba4 Kb6 66. Bd7 Ba2 67. Kb2 Kc7 68. Bb5 Bd5 69. Kc3 Bc6 70. Bc4 Bd7 71. Be2 Ba4 72. Bc4 Kd6 73. Be2 Kc6 74. Bc4 Kd7 75. Be2 Kd6 76. Bc4 Bd1 77. Kd2 Bg4 78. Kc3 Bf3 79. Kb3 Bd1+ 80. Kc3 Kd7 81. Kd2 Ba4 82. Kc3 Bc6 83. Be2 Kc7 84. Bc4 Bd7 85. Be2 Kb6 86. Bc4 Kc7 87. Be2 Kb7 88. Bc4 Kb6 89. Be2 Bb5 90. Bd1 Kc6 91. Bb3 Kd6 92. Bd1 Bd3 93. Bb3 Be2 94. Ba4 Bf1 95. Kd2 Kd5 96. Kc3 Kd6 97. Kd2 Ke7 98. Ke1 Bc4 99. Kd2 Kf6 100. Bd1 Ke7 101. Kc3 Bd3 102. Kd2 Kd6 103. Kc3 Bb5 104. Bb3 Be2 105. Kd2 Bf1 106. Kc3 Bb5 107. Bd1 Bf1 108. Ba4 Be2 109. Kd2 Bf1 110. Ke1  1/2-1/2

[Event "G7-2"]
[Site "Svendborg"]
[Date "2019.04.16"]
[Round "1"]
[White "Olsen, Keld Johnny"]
[Black "Gregor, Bjarke"]
[Result "0-1"]
[WhiteElo "1860"]
[BlackElo "1912"]
[EventDate "2019.04.16"]
[EventRounds "7"]
[EventCountry "DEN"]
[WhiteFideId "1439677"]
[BlackFideId "1423401"]

1. c4 Nf6 2. Nf3 e6 3. g3 b6 4. Bg2 Bb7 5. Nc3 c5 6. d3 Be7 7. Bf4 O-O 8. O-O d6 9. Qc2 Nc6 10. a3 Rb8 11. Rad1 Nd4 12. Qb1 h6 13. b4 Qd7 14. e4 e5 15. Be3 Qg4 16. Bxd4 cxd4 17. h3 Qd7 18. Ne2 Nh7 19. Nd2 f5 20. f4 fxe4 21. Nxe4 Nf6 22. Qb3 Kh8 23. Kh2 Nh5 24. Bf3 Bc8 25. Nf2 Qe8 26. Ng4 exf4 27. Nxf4 Nxf4 28. gxf4 Rxf4 29. c5 Qf8 30. Bg2 Bb7 31. c6 Bxc6 32. Qe6 Bg5 33. Rde1 Re8 34. Qc4 Rxe1 35. Rxe1 Bxg2 36. Kxg2 Kh7 37. Qc6 Bh4 38. Re8 Qf7 39. Re2 h5 40. Nh2 Rf2+ 41. Rxf2 Qxf2+ 42. Kh1 Qe1+ 43. Kg2 Qf2+ 44. Kh1 Bg3 45. Qe4+ Kh6 46. Qg2 Qxg2+ 47. Kxg2 Bxh2 48. Kxh2 Kg5  0-1

[Event "G7-2"]
[Site "Svendborg"]
[Date "2019.04.16"]
[Round "1"]
[White "Munksgaard, Bo"]
[Black "Meldgaard, Frode"]
[Result "0-1"]
[WhiteElo "1771"]
[BlackElo "1908"]
[EventDate "2019.04.16"]
[EventRounds "7"]
[EventCountry "DEN"]
[WhiteFideId "1407473"]
[BlackFideId "1430840"]

1. f4 e6 2. Nf3 Nc6 3. g3 Nf6 4. Bg2 d5 5. d4 Be7 6. O-O O-O 7. c3 Ne4 8. Nbd2 f5 9. Qc2 Qe8 10. b4 Nd8 11. Bb2 Nf7 12. a3 Bd7 13. c4 c6 14. Rfc1 Nh6 15. Nxe4 fxe4 16. Ne5 Bf6 17. Qb3 Bxe5 18. dxe5 Qg6 19. cxd5 exd5 20. h3 Nf5 21. g4 Nh4 22. Qg3 Qh6 23. e3 Rae8 24. Bd4 b6 25. f5 Bxf5 26. gxf5 Rxf5 27. Ra2 Rg5 28. Qh2 Nf3+  0-1

[Event "G7-2"]
[Site "Svendborg"]
[Date "2019.04.16"]
[Round "1"]
[White "Gottschalck, Christian"]
[Black "Thomsen, Peter"]
[Result "0-1"]
[WhiteElo "1686"]
[BlackElo "1899"]
[EventDate "2019.04.16"]
[EventRounds "7"]
[EventCountry "DEN"]
[WhiteFideId "1428357"]
[BlackFideId "1424505"]

1. e4 e5 2. Nf3 Nc6 3. d4 exd4 4. Bc4 Be7 5. O-O d6 6. Nxd4 Nxd4 7. Qxd4 Bf6 8. Qd3 Ne7 9. Nc3 O-O 10. f4 a6 11. Nd5 Nxd5 12. Bxd5 Rb8 13. c3 Bd7 14. Bb3 Qe7 15. Bc2 g6 16. Bd2 c5 17. e5 dxe5 18. fxe5 Bxe5 19. Rae1 Bb5 20. c4 Rbd8 21. Qe2 Bd4+ 22. Be3 Qxe3+ 23. Qxe3 Bxe3+ 24. Rxe3 Bxc4 25. Ra1 b6 26. b3 Be6 27. Bd3 b5 28. Rc1 Rc8 29. Bf1 Rfd8 30. Rec3 Rd5 31. Bd3 Re5 32. Bf1 Kf8 33. g3 Ke7 34. Bg2 Rc7 35. a3 a5 36. b4 axb4 37. axb4 c4 38. Ra1 Bd5 39. Bxd5 Rxd5 40. Ra5 Rcd7 41. Re3+ Kf6 42. Ra6+ R7d6 43. Rf3+ Kg7 44. Ra7 Rd7 45. Raa3 f5 46. Kg2 Kf6 47. Rae3 Rd2+ 48. Rf2 Rxf2+ 49. Kxf2 Rd2+ 50. Re2 Rxe2+ 51. Kxe2 Ke5 52. Ke3 g5  0-1

[Event "G7-2"]
[Site "Svendborg"]
[Date "2019.04.17"]
[Round "2"]
[White "Nykjaer, Jess"]
[Black "Hollesen, Kurt"]
[Result "1-0"]
[WhiteElo "1959"]
[BlackElo "1913"]
[EventDate "2019.04.16"]
[EventRounds "7"]
[EventCountry "DEN"]
[WhiteFideId "1427288"]
[BlackFideId "1406817"]

1. e4 g6 2. d4 Bg7 3. f4 e6 4. Nf3 Ne7 5. Bd3 b6 6. O-O Ba6 7. c3 Bxd3 8. Qxd3 d5 9. Na3 Nd7 10. e5 a6 11. b3 c5 12. Bb2 O-O 13. Nc2 b5 14. Ne3 Qb6 15. Rfb1 Nc6 16. a4 b4 17. c4 cxd4 18. cxd5 Nc5 19. Bxd4 Nxd4 20. Qxd4 exd5 21. Nxd5 Rad8 22. Nxb6  1-0

[Event "G7-2"]
[Site "Svendborg"]
[Date "2019.04.17"]
[Round "2"]
[White "Gregor, Bjarke"]
[Black "Jorgensen, Alexander Torp"]
[Result "1-0"]
[WhiteElo "1912"]
[BlackElo "1825"]
[EventDate "2019.04.16"]
[EventRounds "7"]
[EventCountry "DEN"]
[WhiteFideId "1423401"]
[BlackFideId "1434187"]

1. e4 c6 2. d4 d5 3. Nd2 dxe4 4. Nxe4 Bf5 5. Ng3 Bg6 6. h4 h6 7. Nf3 e6 8. Ne5 Bh7 9. Bd3 Bxd3 10. Qxd3 Be7 11. Nh5 Bf6 12. Bf4 Nd7 13. Nc4 g6 14. Nd6+ Kf8 15. Nxf6 Qxf6 16. Bg3 e5 17. Qa3 exd4 18. Ne4+  1-0

[Event "G7-2"]
[Site "Svendborg"]
[Date "2019.04.17"]
[Round "2"]
[White "Meldgaard, Frode"]
[Black "Graabaek, Sebastian"]
[Result "1-0"]
[WhiteElo "1908"]
[BlackElo "1702"]
[EventDate "2019.04.16"]
[EventRounds "7"]
[EventCountry "DEN"]
[WhiteFideId "1430840"]
[BlackFideId "1436627"]

1. e4 c5 2. Nc3 d6 3. Bc4 a6 4. a4 Nf6 5. Nge2 e6 6. Ba2 Be7 7. Ng3 O-O 8. d3 Nc6 9. O-O Nd7 10. f4 Nd4 11. Nce2 Bf6 12. c3 Nxe2+ 13. Qxe2 b5 14. f5 Nb6 15. a5 Na4 16. Nh5 Be5 17. Qg4 exf5 18. exf5 Kh8 19. d4 cxd4 20. cxd4 g6 21. dxe5 gxh5 22. Qxh5 dxe5 23. Be3 Qd3 24. Rae1 Bb7 25. Bxf7 Qe4 26. Rf3 Qb4 27. Rff1 Qe4 28. Rf2 Rac8 29. Bd2 Qd4 30. Bh6 Rc2 31. Be3 Qxb2 32. Bg6  1-0

[Event "G7-2"]
[Site "Svendborg"]
[Date "2019.04.17"]
[Round "2"]
[White "Thomsen, Peter"]
[Black "Holmstrom, Johan Ravnborg"]
[Result "1/2-1/2"]
[WhiteElo "1899"]
[BlackElo "1913"]
[EventDate "2019.04.16"]
[EventRounds "7"]
[EventCountry "DEN"]
[WhiteFideId "1424505"]
[BlackFideId "1404903"]

1. d4 Nf6 2. c4 e6 3. Nf3 b6 4. g3 Ba6 5. b3 Bb4+ 6. Bd2 Be7 7. Bc3 d5 8. Nbd2 O-O 9. Bg2 Bb7 10. O-O Nbd7 11. Re1 Rc8 12. Qb1 c5 13. e3 Qc7 14. Rc1 Qb8 15. Qd3 Rfd8 16. cxd5 Nxd5 17. Bb2 Nb4 18. Qf1 Qa8 19. a3 Nd5 20. Nc4 N5f6 21. Nfd2  1/2-1/2

[Event "G7-2"]
[Site "Svendborg"]
[Date "2019.04.17"]
[Round "2"]
[White "Rasmussen, Johnny Koust"]
[Black "Winther, Bjarke Rosenborg"]
[Result "1/2-1/2"]
[WhiteElo "1821"]
[BlackElo "1757"]
[EventDate "2019.04.16"]
[EventRounds "7"]
[EventCountry "DEN"]
[WhiteFideId "1422383"]
[BlackFideId "1447173"]

1. e4 c5 2. Nc3 Nc6 3. g3 e5 4. Bg2 Nf6 5. d3 Be7 6. f4 d6 7. Nf3 Bd7 8. O-O O-O 9. h3 Nd4 10. f5 b5 11. g4 b4 12. Ne2 Nxe2+ 13. Qxe2 Kh8 14. Kh2 Ng8 15. Be3 h6 16. Qd2 f6 17. h4 Bc6 18. g5 fxg5 19. hxg5 hxg5 20. Nxg5 Bxg5 21. Bxg5 Nf6 22. Rh1 Kg8 23. Kg1  1/2-1/2

[Event "G7-2"]
[Site "Svendborg"]
[Date "2019.04.17"]
[Round "2"]
[White "Rasmussen, Henning"]
[Black "Olsen, Keld Johnny"]
[Result "1/2-1/2"]
[WhiteElo "1716"]
[BlackElo "1860"]
[EventDate "2019.04.16"]
[EventRounds "7"]
[EventCountry "DEN"]
[WhiteFideId "1410962"]
[BlackFideId "1439677"]

1. d4 Nf6 2. c4 c6 3. Nc3 d5 4. cxd5 cxd5 5. Nf3 Nc6 6. Bf4 a6 7. a3 e6 8. e3 Bd6 9. Bxd6 Qxd6 10. Be2 O-O 11. O-O Bd7 12. Na4 e5 13. dxe5 Nxe5 14. Nxe5 Qxe5 15. Nb6 Rad8 16. Nxd7 Rxd7 17. Qd4 Qxd4 18. exd4 Rc7 19. Bd3 Re8 20. Rfe1 Kf8 21. Rxe8+ Kxe8 22. f3 Kd7 23. Kf2 Kd6 24. Ke3 h6 25. Kd2 Ng8 26. Rc1 Rxc1 27. Kxc1 Ne7 28. Kd2 f5 29. g3 Ke6 30. Bc2 Nc8 31. b3 g5 32. h3 Nd6 33. Bd3 Ne8 34. g4 f4 35. Bf5+ Kd6 36. Kc3 Nc7 37. Bd3 Ne6 38. Bf5 Ng7 39. Bg6 b6 40. Bd3 a5 41. Bg6 Ne6 42. Bf5 Nc7 43. Bd3 Kc6 44. Be2 b5 45. b4 Kb6 46. Bd3 Ne8 47. Bf5 a4 48. Bd3 Nd6 49. Kb2 Nc4+ 50. Bxc4 dxc4 51. Kc2 Kc6 52. Kd2 Kd6 53. Kc2 Ke6 54. Kd2 Kf7 55. Kc2 Kg6 56. Kd2 Kf6 57. Kc2 Ke6 58. Kd2 Kd5 59. Kc3 Kd6 60. Kd2 Kd5 61. Kc3 Kc6 62. Kd2 Kd6  1/2-1/2

[Event "G7-2"]
[Site "Svendborg"]
[Date "2019.04.17"]
[Round "2"]
[White "Jepsen, Ruben"]
[Black "Gottschalck, Christian"]
[Result "1/2-1/2"]
[WhiteElo "1650"]
[BlackElo "1686"]
[EventDate "2019.04.16"]
[EventRounds "7"]
[EventCountry "DEN"]
[WhiteFideId "1464361"]
[BlackFideId "1428357"]

1. d4 e6 2. Nf3 Nf6 3. e3 b6 4. Bd3 Bb7 5. O-O Be7 6. c4 d5 7. Nc3 Nbd7 8. b3 O-O 9. Bb2 Ne4 10. Ne5 Nxe5 11. dxe5 Nxc3 12. Bxc3 dxc4 13. Bxc4  1/2-1/2

[Event "G7-2"]
[Site "Svendborg"]
[Date "2019.04.17"]
[Round "2"]
[White "Jacobsen, Knud"]
[Black "Munksgaard, Bo"]
[Result "1/2-1/2"]
[WhiteElo "1721"]
[BlackElo "1771"]
[EventDate "2019.04.16"]
[EventRounds "7"]
[EventCountry "DEN"]
[WhiteFideId "1462253"]
[BlackFideId "1407473"]

1. e4 c5 2. Nf3 e6 3. d4 cxd4 4. Nxd4 a6 5. c4 Qc7 6. Nc3 Nf6 7. Be3 Bb4 8. f3 Bxc3+ 9. bxc3 d6 10. Qc2 Nbd7 11. Be2 O-O 12. O-O Nc5 13. a4 b6 14. Rfb1 Bd7 15. Rb4 Rfb8 16. Rbb1 Be8 17. Bf2 Nfd7 18. Rd1 Rd8 19. Bg3 Rac8 20. Nb3 e5 21. Nd2 Nf8 22. Bf2 Nfe6 23. g3 a5 24. Ra2 Qc6 25. Rda1 f6 26. Nf1 Bf7 27. Ne3 Nc7 28. Qd1 Be8 29. Nf5 Qd7 30. Be1 Bg6 31. Ne3  1/2-1/2

[Event "G7-2"]
[Site "Svendborg"]
[Date "2019.04.18"]
[Round "3"]
[White "Holmstrom, Johan Ravnborg"]
[Black "Winther, Bjarke Rosenborg"]
[Result "1-0"]
[WhiteElo "1913"]
[BlackElo "1757"]
[EventDate "2019.04.16"]
[EventRounds "7"]
[EventCountry "DEN"]
[WhiteFideId "1404903"]
[BlackFideId "1447173"]

1. Nf3 d5 2. b3 Nf6 3. Bb2 Nc6 4. e3 g6 5. Bb5 Bd7 6. O-O Bg7 7. d3 O-O 8. Nbd2 Bf5 9. Bxc6 bxc6 10. Rb1 c5 11. Ne5 Qd6 12. f4 Nd7 13. Ndf3 f6 14. Nxd7 Qxd7 15. Qe2 Qc6 16. Nd2 e5 17. fxe5 fxe5 18. e4 dxe4 19. Nxe4 Bxe4 20. dxe4 Bf6 21. Qc4+ Kg7 22. Rbd1 Rad8 23. Ba3 Be7 24. Rxd8 Rxf1+ 25. Kxf1 Bxd8 26. Qxc5 Qf6+ 27. Kg1 Qf4 28. Qf2 Qxf2+ 29. Kxf2 Kf6 30. Bc5 a6 31. Ke2 Ke6 32. Kd3 Kd7 33. Kc4 c6 34. Bf8 Bb6 35. Bg7 Kd6 36. Bf8+ Kd7 37. Bc5 Bd8 38. Bf8 Bb6 39. Bg7 Kd6 40. a3 Ke6 41. b4 Kd6 42. Bf8+ Kd7 43. Bc5 Bd8 44. Be3 Kd6 45. a4 Bf6 46. b5 cxb5+ 47. axb5 axb5+ 48. Kxb5  1-0

[Event "G7-2"]
[Site "Svendborg"]
[Date "2019.04.18"]
[Round "3"]
[White "Hollesen, Kurt"]
[Black "Jepsen, Ruben"]
[Result "1/2-1/2"]
[WhiteElo "1913"]
[BlackElo "1650"]
[EventDate "2019.04.16"]
[EventRounds "7"]
[EventCountry "DEN"]
[WhiteFideId "1406817"]
[BlackFideId "1464361"]

1. e4 e6 2. d4 d5 3. Nd2 Nf6 4. Bd3 c5 5. e5 Nfd7 6. c3 Nc6 7. Ne2 cxd4 8. cxd4 Qb6 9. Nf3 Qb4+ 10. Kf1 f6 11. Nf4 Ndxe5 12. dxe5 fxe5 13. Nxe6 Bxe6 14. Ng5 Bd7 15. Qh5+ Ke7 16. Qf7+ Kd6 17. Bf5 Bxf5 18. Qxf5 Qc4+  1/2-1/2

[Event "G7-2"]
[Site "Svendborg"]
[Date "2019.04.18"]
[Round "3"]
[White "Meldgaard, Frode"]
[Black "Gregor, Bjarke"]
[Result "0-1"]
[WhiteElo "1908"]
[BlackElo "1912"]
[EventDate "2019.04.16"]
[EventRounds "7"]
[EventCountry "DEN"]
[WhiteFideId "1430840"]
[BlackFideId "1423401"]

1. e4 c5 2. Nc3 Nc6 3. Bc4 e6 4. d3 a6 5. a4 Nf6 6. Bb3 Be7 7. Nge2 O-O 8. O-O d5 9. Ng3 Nd4 10. Ba2 b5 11. Nce2 dxe4 12. dxe4 Bb7 13. c3 Nxe2+ 14. Qxe2 Qc7 15. e5 Qc6 16. f3 Nd7 17. Bb1 Rfd8 18. Be4 Qb6 19. a5 Qc7 20. Bxb7 Qxb7 21. f4 c4 22. Be3 Nc5 23. Bxc5 Bxc5+ 24. Kh1 Rd3 25. b4 Bf8 26. Rf3 Rad8 27. Ne4 Qd5 28. h3 Rxf3 29. Qxf3 Qd3 30. Re1 Qxf3 31. gxf3 Rd3 32. Kg2 Be7 33. Re2 f5 34. exf6 gxf6 35. Rd2 Rxd2+ 36. Nxd2 f5 37. Kf2 Bf6 38. Nb1 Kf8 39. Ke3 Ke8 40. Kd2 Kd7 41. Na3 Bg7 42. Nc2 Bh6 43. Nd4 Bxf4+ 44. Ke2 Be5 45. Ke3 Bxd4+ 46. Kxd4 Kd6 47. f4 h6 48. Ke3 e5 49. h4 h5 50. Kf3 exf4 51. Kxf4 Ke6 52. Kg5 Ke5 53. Kxh5 Kf6  0-1

[Event "G7-2"]
[Site "Svendborg"]
[Date "2019.04.18"]
[Round "3"]
[White "Jorgensen, Alexander Torp"]
[Black "Rasmussen, Johnny Koust"]
[Result "1-0"]
[WhiteElo "1825"]
[BlackElo "1821"]
[EventDate "2019.04.16"]
[EventRounds "7"]
[EventCountry "DEN"]
[WhiteFideId "1434187"]
[BlackFideId "1422383"]

1. c4 Nf6 2. Nc3 g6 3. Nf3 Bg7 4. b3 O-O 5. Bb2 d6 6. d4 c5 7. a3 Bf5 8. g3 Ne4 9. Bg2 Nc6 10. d5 Nxc3 11. Qc1 Na5 12. Nd2 Nxe2 13. Kxe2 b6 14. Bxg7 Kxg7 15. h3 Nb7 16. f4 h5 17. Qc3+ f6 18. Rae1 Re8 19. Kd1 Qd7 20. Qf3 Rab8 21. Nf1 Qc8 22. Ne3 Bd7 23. g4 h4 24. f5 g5 25. Re2 b5 26. Rhe1 Kf7 27. Bf1 Na5 28. Rb2 bxc4 29. Bxc4 Nxc4 30. Nxc4 Bb5 31. Na5 Qc7 32. Qc3 Rec8 33. Re4 Rb6 34. a4 Be8 35. Rbe2 e5 36. fxe6+ Kg7 37. e7 Rb4 38. Nc4 Qb7 39. Re6 Qxd5+ 40. Kc2 Qd4 41. Nxd6 Rcb8 42. Nf5+  1-0

[Event "G7-2"]
[Site "Svendborg"]
[Date "2019.04.18"]
[Round "3"]
[White "Thomsen, Peter"]
[Black "Nykjaer, Jess"]
[Result "1/2-1/2"]
[WhiteElo "1899"]
[BlackElo "1959"]
[EventDate "2019.04.16"]
[EventRounds "7"]
[EventCountry "DEN"]
[WhiteFideId "1424505"]
[BlackFideId "1427288"]

1. e4 c5 2. Nf3 Nc6 3. Bb5 g6 4. Bxc6 dxc6 5. O-O Bg7 6. d3 Nf6 7. Nbd2 O-O 8. Re1 Qc7 9. a4 b6 10. Nb3 h6 11. a5 Be6 12. c4 Nd7 13. Qc2 Bg4 14. Nbd2 Rfd8 15. h3 Bxf3 16. Nxf3 Nf8 17. axb6 axb6 18. Ra3 Ne6 19. e5 Qd7 20. Rb3 b5 21. Be3 bxc4 22. Qxc4 Qd5 23. Qc3 Nd4 24. Bxd4 cxd4 25. Qc2 e6 26. Rb6 Rab8 27. Qxc6 Qxc6 28. Rxc6 Rxb2 29. Rc4 Rb3 30. Rd1 Rb5 31. Nxd4 Rbd5 32. Nc6 Rxd3 33. Rxd3 Rxd3 34. f4 Bf8 35. Kf1 Kg7 36. Ke2 Rg3 37. Kf2 Rb3 38. Nd8 Be7 39. Nc6 Bf8 40. Rc2 g5 41. fxg5 hxg5 42. Nd4 Rd3 43. Nf3 Be7 44. Rc4 Rd5 45. Kg3 Kg6 46. Kg4 Bd8 47. Rd4 Rxd4+ 48. Nxd4 Bb6 49. Nf3 Bc7 50. g3 Bb8 51. h4 gxh4 52. gxh4 f6 53. h5+ Kg7 54. exf6+ Kxf6 55. Ng5 Be5 56. Ne4+ Kg7 57. Kg5 Bb2 58. Nd6 Bc1+ 59. Kg4 Kf6 60. Ne4+ Kg7 61. Nd6 Kf6 62. Ne4+ Kg7  1/2-1/2

[Event "G7-2"]
[Site "Svendborg"]
[Date "2019.04.18"]
[Round "3"]
[White "Graabaek, Sebastian"]
[Black "Rasmussen, Henning"]
[Result "1/2-1/2"]
[WhiteElo "1702"]
[BlackElo "1716"]
[EventDate "2019.04.16"]
[EventRounds "7"]
[EventCountry "DEN"]
[WhiteFideId "1436627"]
[BlackFideId "1410962"]

1. d4 d5 2. Bf4 e6 3. e3 Bd6 4. Bg3 f5 5. Nf3 Nf6 6. Nbd2 O-O 7. c4 c6 8. Be2 Ne4 9. Bxd6 Nxd6 10. Ne5 Ne4 11. O-O Nxd2 12. Qxd2 Nd7 13. Nxd7  1/2-1/2

[Event "G7-2"]
[Site "Svendborg"]
[Date "2019.04.18"]
[Round "3"]
[White "Olsen, Keld Johnny"]
[Black "Jacobsen, Knud"]
[Result "1-0"]
[WhiteElo "1860"]
[BlackElo "1721"]
[EventDate "2019.04.16"]
[EventRounds "7"]
[EventCountry "DEN"]
[WhiteFideId "1439677"]
[BlackFideId "1462253"]

1. c4 Nf6 2. g3 g6 3. Bg2 Bg7 4. Nc3 O-O 5. b4 d6 6. Bb2 Nbd7 7. Nf3 e5 8. Qc2 Ne8 9. e4 a5 10. a3 f5 11. exf5 gxf5 12. Nh4 Nb6 13. c5 Nc4 14. Bd5+ Kh8 15. Bxc4 f4 16. Bd3 Bf6 17. Nf5 d5 18. f3 Bg5 19. Ne2 Kg8 20. O-O-O axb4 21. axb4 Bf6 22. gxf4 exf4 23. Rhg1+ Kh8 24. Nh6 Bd7 25. Rg8+  1-0

[Event "G7-2"]
[Site "Svendborg"]
[Date "2019.04.18"]
[Round "3"]
[White "Munksgaard, Bo"]
[Black "Gottschalck, Christian"]
[Result "0-1"]
[WhiteElo "1771"]
[BlackElo "1686"]
[EventDate "2019.04.16"]
[EventRounds "7"]
[EventCountry "DEN"]
[WhiteFideId "1407473"]
[BlackFideId "1428357"]

1. f4 d5 2. Nf3 Nf6 3. g3 c5 4. Bg2 Nc6 5. d3 e6 6. c3 a5 7. a4 Rb8 8. Na3 Na7 9. Qb3 Qc7 10. O-O c4 11. dxc4 Bxa3 12. Rxa3 dxc4 13. Qc2 O-O 14. e4 b6 15. e5 Qc5+ 16. Kh1 Nd5 17. Ng5 g6 18. Ne4 Qe7 19. Ra1 Ba6 20. Qe2 Nc8 21. Qf2 Rd8 22. g4 f6 23. exf6 Nxf6 24. Qh4 Nxe4 25. Qxe7 Ng3+ 26. hxg3 Nxe7 27. Be3 Rd3 28. Rae1 Kf7 29. Be4 Bb7 30. Bxb7 Rxb7 31. Kg2 Nd5 32. Bd4 b5 33. axb5 Rxb5 34. Rf2 Rb3 35. Rfe2 Rb7 36. Rxe6 Rxb2+ 37. Kh3 Rdd2 38. g5 Rd3 39. Ra6 Rb7 40. Kg4 Re7 41. Rxe7+ Nxe7 42. Rxa5 Nf5 43. Rxf5+ gxf5+ 44. Kxf5 Rxd4 45. cxd4 c3  0-1

[Event "G7-2"]
[Site "Svendborg"]
[Date "2019.04.19"]
[Round "4"]
[White "Gregor, Bjarke"]
[Black "Thomsen, Peter"]
[Result "1-0"]
[WhiteElo "1912"]
[BlackElo "1899"]
[EventDate "2019.04.16"]
[EventRounds "7"]
[EventCountry "DEN"]
[WhiteFideId "1423401"]
[BlackFideId "1424505"]

1. e4 e5 2. Nf3 Nc6 3. Bc4 Bc5 4. b4 Bxb4 5. c3 Be7 6. d4 Na5 7. Be2 exd4 8. Qxd4 Nc6 9. Qxg7 Bf6 10. Qg3 d6 11. O-O Qe7 12. Qf4 Bd7 13. Rd1 O-O-O 14. Nd4 h5 15. Na3 Nh6 16. Nab5 Nxd4 17. cxd4 Kb8 18. Rb1 Rdg8 19. e5 dxe5 20. dxe5 Bc6 21. Bf3 Bxf3 22. Qxf3 Bxe5 23. Nxa7 c5 24. Nc6+  1-0

[Event "G7-2"]
[Site "Svendborg"]
[Date "2019.04.19"]
[Round "4"]
[White "Jorgensen, Alexander Torp"]
[Black "Holmstrom, Johan Ravnborg"]
[Result "1-0"]
[WhiteElo "1825"]
[BlackElo "1913"]
[EventDate "2019.04.16"]
[EventRounds "7"]
[EventCountry "DEN"]
[WhiteFideId "1434187"]
[BlackFideId "1404903"]

1. c4 Nf6 2. Nc3 c5 3. Nf3 b6 4. d4 cxd4 5. Nxd4 e6 6. a3 Bb7 7. f3 a6 8. e4 Qc7 9. Bg5 Be7 10. Rc1 Nc6 11. b4 h6 12. Be3 d6 13. Be2 Nd7 14. O-O O-O 15. Nb3 Rac8 16. Qd2 Qb8 17. f4 Rfd8 18. f5 Nce5 19. fxe6 fxe6 20. Bxh6 Nxc4 21. Bxc4 Rxc4 22. Nd4 Rxd4 23. Qxd4 gxh6 24. Qe3 Bg5 25. Qg3 Kh8 26. Rf7 Ne5 27. Rff1 Bxc1 28. Rxc1 Kh7 29. Qh3 Re8 30. Rf1 Qc8 31. Rf6 Ng4 32. Qxg4 Rg8 33. Rf7+ Kh8 34. Qh5 Rxg2+ 35. Kxg2  1-0

[Event "G7-2"]
[Site "Svendborg"]
[Date "2019.04.19"]
[Round "4"]
[White "Winther, Bjarke Rosenborg"]
[Black "Hollesen, Kurt"]
[Result "0-1"]
[WhiteElo "1757"]
[BlackElo "1913"]
[EventDate "2019.04.16"]
[EventRounds "7"]
[EventCountry "DEN"]
[WhiteFideId "1447173"]
[BlackFideId "1406817"]

1. d4 d5 2. Bf4 e6 3. Nf3 Bd6 4. Bg3 f5 5. e3 Nf6 6. Nbd2 Nbd7 7. Ne5 Bxe5 8. dxe5 Ng4 9. Nf3 O-O 10. h3 Nh6 11. Be2 Nf7 12. Qd2 c6 13. Nd4 Ndxe5 14. f4 Ng6 15. h4 Qc7 16. h5 Ne7 17. Bh2 Bd7 18. g4 c5 19. Nb3 fxg4 20. Bxg4 Nf5 21. O-O-O Bc6 22. Rhg1 b6 23. Qc3 N7h6 24. Bh3 Qe7 25. Rg5 Qf6 26. Qd2 a5 27. Kb1 a4 28. Nc1 a3 29. Qc3 axb2 30. Kxb2 Nxe3 31. Bxe6+ Kh8 32. Rdg1 Nc4+  0-1